000 00610nam a2200181 a 4500
005 20210223122529.0
008 991125s1978 mx 000 0 spa u
035 _aUPN01000037372
049 _aCG
050 4 _aHF5695
_bM5.48
100 1 _aMizrahi, Abe
245 1 0 _aMatemáticas finitas :
_baplicaciones en ciencias sociales y administración /
_cAbe Mizrahi, Michael Sullivan ; tr. Martha Oralia Rocha Hernández.
260 _aMéxico :
_bLimusa,
_c1978.
300 _a538 p. :
_bil.
650 4 _aCIENCIAS SOCIALES -
_vMODELOS MATEMATICOS
_910477
700 1 _aSullivan, Michael,
_ecoaut.
905 _aLibro
999 _c37372
_d37372